| 000 | 00426nam a22001697a 4500 | ||
|---|---|---|---|
| 005 | 20180710113920.0 | ||
| 008 | 160526b xxu||||| |||| 00| 0 eng d | ||
| 020 | _a81-7660-053-9 | ||
| 041 | _aeng | ||
| 082 |
_b5051 _a658.15 |
||
| 100 |
_aProf, Rao, A.P. _94503 |
||
| 245 | _aCases and Problems on Financial Mgt. | ||
| 260 |
_aNew Delhi _bAcademic Faundation |
||
| 300 | _a417p, | ||
| 650 |
_aManagement _9241 |
||
| 942 | _cBK | ||
| 999 |
_c1766 _d1765 |
||